| 000 | 00639cab a2200229 4500 | ||
|---|---|---|---|
| 001 | ABS49114 | ||
| 008 | 090401t1993 xxu||||| |||| 00| 0 eng d | ||
| 035 | _a(Sirsi) u70060 | ||
| 041 | _aeng | ||
| 245 | 4 | _aThe steel age | |
| 260 | _c1993 | ||
| 350 | _a0 | ||
| 490 |
_aBuilding _v258(7807) 13 August 1993, 26-39(9) |
||
| 520 | _aDescribes developments in steel construction, past, present and future. Includes a product guide. | ||
| 650 | _aCAD | ||
| 650 | _aCOMPUTER AIDED DESIGN | ||
| 650 | _aEARTHQUAKES | ||
| 650 | _aEUREKA PROJECT | ||
| 690 | _aBUILT ENVIRONMENT-BUILDING MATERIALS | ||
| 942 | _n0 | ||
| 948 | _c04/03/1997 | ||
| 999 |
_c44073 _d44073 |
||